01141 2200181 4500245004800000020001800048250001100066100001600077700001800093650002900111005001900140260003600159041001400195084001000209300002800219500070300247336000900950 aManajeman KepariwisataancSalah WahabhText a979-408-191-4 aCet. 4 aSalah Wahab aFrans Gromang aManajemen Kepariwisataan a20230927110129 aJakartabPradnya Paramitac2003 aIndonesia a910.2 axiv, 260 hlm. :c23 cm. aPembahasan dalam buku ini meliputi: Gejala pariwisata-> membahas tentang lingkupan kepariwisataan, beberapa kecenderungan pariwisata internasional, dan pedoman singkat untuk mengukur lalu lintas wisata; Kerangka psiko-sosial/ekonomi wisata-> membahas tentang motivasi perjalanan di negara sumber wisatawan, dampak sosial pada negara penerima wisatawan; Kerangka pasaran wisata internasional-> membahas tentang penawaran pariwisata, penerimaan pariwisata, dan pemasaran pariwisata; Kerangka kelembagaan dan kerangka kerja pariwisata-> membahas tentang tindakan pemerintah dalam bidang kepariwisataan, organisasi pariwisata nasional, unsur-unsur angkutan udara dalam pariwisata, dan usaha perjalanan. atext